Introductory mathematics and statistics for Islamic finance / (Record no. 22247)
[ view plain ]
| 000 -LEADER | |
|---|---|
| fixed length control field | 02247cam a22003615a 4500 |
| 001 - CONTROL NUMBER | |
| control field | 016794509 |
| 003 - CONTROL NUMBER IDENTIFIER | |
| control field | Uk |
| 005 - DATE AND TIME OF LATEST TRANSACTION | |
| control field | 20160828110842.0 |
| 008 - FIXED-LENGTH DATA ELEMENTS--GENERAL INFORMATION | |
| fixed length control field | 140626s2014 si a frb 001 0 eng|d |
| 015 ## - NATIONAL BIBLIOGRAPHY NUMBER | |
| National bibliography number | GBB474383 |
| Source | bnb |
| 016 7# - NATIONAL BIBLIOGRAPHIC AGENCY CONTROL NUMBER | |
| Record control number | 016794509 |
| Source | Uk |
| 020 ## - INTERNATIONAL STANDARD BOOK NUMBER | |
| International Standard Book Number | 9781118779699 |
| 020 ## - INTERNATIONAL STANDARD BOOK NUMBER | |
| Cancelled/invalid ISBN | 111877969X |
| 040 ## - CATALOGING SOURCE | |
| Original cataloging agency | StDuBDS |
| Language of cataloging | eng |
| Transcribing agency | StDuBDS |
| Modifying agency | EG-ScBUE |
| 042 ## - AUTHENTICATION CODE | |
| Authentication code | ukblcatcopy |
| 082 04 - DEWEY DECIMAL CLASSIFICATION NUMBER | |
| Edition number | 23 |
| Classification number | 300 |
| Item number | MIR |
| 100 1# - MAIN ENTRY--PERSONAL NAME | |
| Personal name | Mirakhor, Abbas. |
| 9 (RLIN) | 40913 |
| 245 10 - TITLE STATEMENT | |
| Title | Introductory mathematics and statistics for Islamic finance / |
| Statement of responsibility, etc | Abbas Mirakhor, Noureddine Krichene. |
| 260 ## - PUBLICATION, DISTRIBUTION, ETC. (IMPRINT) | |
| Place of publication, distribution, etc | Singapore : |
| Name of publisher, distributor, etc | John Wiley & Sons Singapore Pte. Ltd., |
| Date of publication, distribution, etc | c.2014. |
| 300 ## - PHYSICAL DESCRIPTION | |
| Extent | xiii, 482 p. : |
| Other physical details | ill. ; |
| Dimensions | 26 cm. |
| 490 0# - Series Statement | |
| Series statement | Wiley Finance Series |
| 500 ## - GENERAL NOTE | |
| General note | Index : p. 475-482. |
| 504 ## - BIBLIOGRAPHY, ETC. NOTE | |
| Bibliography, etc | Bibliography : p. 473. |
| 505 ## - FORMATTED CONTENTS NOTE | |
| Formatted contents note | Part one: mathematics -- Elementary mathematics -- Functions and models -- Differentiation and integration of functions -- Partial derivatives -- Logarithm, exponential, and trigonometric functions -- Linear algebra -- Differential equations -- Difference equations -- Optimization theory -- Linear programming. Part two: statistics -- Introduction to probability theory: axioms and distributions -- Probability distributions and moment generating functions -- Sampling and hypothesis testing theory --<br/>Regression analysis -- Time series analysis -- Nonstationary time series and unit-root testing -- Vector autoregressive analysis -- Co-integration: theory and applications -- Modeling volatility: ARCH-GARCH models -- Asset pricing under uncertainty -- The consumption-based pricing model --<br/>Brownian motion, risk-neutral processes, and the Black-Scholes model. |
| 520 ## - SUMMARY, ETC. | |
| Summary, etc | A unique primer on quantitative methods as applied to Islamic finance Introductory Mathematics and Statistics for Islamic Finance + Website is a comprehensive guide to quantitative methods, specifically as applied within the realm of Islamic finance. |
| 650 #7 - SUBJECT ADDED ENTRY--TOPICAL TERM | |
| Topical term or geographic name as entry element | Finance, Public |
| Source of heading or term | BUEsh |
| 9 (RLIN) | 40711 |
| Geographic subdivision | Islamic countries. |
| 650 #7 - SUBJECT ADDED ENTRY--TOPICAL TERM | |
| Topical term or geographic name as entry element | Finance |
| 9 (RLIN) | 40915 |
| Form subdivision | Statistics. |
| 651 ## - SUBJECT ADDED ENTRY--GEOGRAPHIC NAME | |
| Source of heading or term | BUEsh |
| 653 ## - INDEX TERM--UNCONTROLLED | |
| Resource For college | BAEPS, Business Administration |
| Arrived date list | August 2016 |
| 690 7# - LOCAL SUBJECT ADDED ENTRY--TOPICAL TERM (OCLC, RLIN) | |
| Topical term or geographic name as entry element | Management and Business Studies |
| Source of heading or term | blcoll |
| 700 1# - ADDED ENTRY--PERSONAL NAME | |
| Personal name | Krichene, Noureddine. |
| 9 (RLIN) | 40914 |
| 942 ## - ADDED ENTRY ELEMENTS (KOHA) | |
| Source of classification or shelving scheme | Dewey Decimal Classification |
| Edition | 22 |
| Call number prefix | 300 MIR |
| Withdrawn status | Item status | Source of classification or shelving scheme | Damaged status | Not for loan | Vendor | Home library | Current library | Shelving location | Date acquired | Source of acquisition | Cost, normal purchase price | Serial Enumeration / chronology | Total Checkouts | Full call number | Barcode | Date last seen | Cost, replacement price | Koha item type |
|---|---|---|---|---|---|---|---|---|---|---|---|---|---|---|---|---|---|---|
| Dewey Decimal Classification | Academic Bookshop | Central Library | Central Library | First floor | 28/08/2016 | Purchase | 599.00 | 9154 | 300 MIR | 000033177 | 15/07/2025 | 749.75 | Book - Borrowing |